Normal view
MARC view
- Production Planning and inventory Control
Entry Topical Term
001 - CONTROL NUMBER
- control field: 122706
003 - CONTROL NUMBER IDENTIFIER
- control field: NUST
005 - DATE AND TIME OF LATEST TRANSACTION
- control field: 20240516121532.0
008 - FIXED-LENGTH DATA ELEMENTS
- fixed length control field: 240516|| aca||aabn | a|a d
040 ## - CATALOGING SOURCE
- Original cataloging agency: NUST
- Transcribing agency: NUST
150 ## - HEADING--TOPICAL TERM
- Topical term or geographic name entry element: Production Planning and inventory Control
670 ## - SOURCE DATA FOUND
- Source citation: Work cat.: (NUST): Narasimhan. L Seetharama 122704, Production Planning and inventory Control
